Detalles MARC
| 000 -LEADER |
| fixed length control field |
02014nam a2200373 i 4500 |
| 001 - CONTROL NUMBER |
| control field |
000016512 |
| 003 - CONTROL NUMBER IDENTIFIER |
| control field |
DO-SdBNP |
| 005 - DATE AND TIME OF LATEST TRANSACTION |
| control field |
20240409101556.0 |
| 007 - PHYSICAL DESCRIPTION FIXED FIELD--GENERAL INFORMATION |
| fixed length control field |
ta |
| 008 - FIXED-LENGTH DATA ELEMENTS--GENERAL INFORMATION |
| fixed length control field |
100305s1983 dr abcd 001 0 spa d |
| 040 ## - CATALOGING SOURCE |
| Original cataloging agency |
DO-SdBNP |
| Language of cataloging |
spa |
| Transcribing agency |
BPMSU |
| Description conventions |
rda |
| 041 ## - LANGUAGE CODE |
| Language code of original |
spa |
| 082 #4 - DEWEY DECIMAL CLASSIFICATION NUMBER |
| Classification number |
557.293 |
| Item number |
V364u, 1983 |
| Edition number |
22 |
| 100 1# - MAIN ENTRY--PERSONAL NAME |
| Personal name |
Vaughan, Thomas Wayland, |
| Dates associated with a name |
1870-1952 |
| Relator term |
autor |
| 245 10 - TITLE STATEMENT |
| Title |
Un reconocimiento geológico de la República Dominicana / |
| Statement of responsibility, etc. |
T. W. Vaughan. |
| 264 ## - PRODUCTION, PUBLICATION, DISTRIBUTION, MANUFACTURE, AND COPYRIGHT NOTICE |
| Place of production, publication, distribution, manufacture |
Santo Domingo : |
| Name of producer, publisher, distributor, manufacturer |
Sociedad Dominicana de Bibliófilos : |
| -- |
Editora Santo Domingo, |
| Date of production, publication, distribution, manufacture, or copyright notice |
1983. |
| 300 ## - PHYSICAL DESCRIPTION |
| Extent |
306 páginas : |
| Other physical details |
ilustraciones, gráficos., mapas, retratos. ; |
| Dimensions |
24 cm. |
| 336 ## - CONTENT TYPE |
| Source |
rdacontent |
| Content type term |
texto |
| Content type code |
txt |
| 337 ## - MEDIA TYPE |
| Source |
rdamedia |
| Media type term |
sin mediación |
| Media type code |
n |
| 338 ## - CARRIER TYPE |
| Source |
rdacarrier |
| Carrier type term |
volumen |
| Carrier type code |
nc |
| 490 0# - SERIES STATEMENT |
| Series statement |
Cultura dominicana |
| Volume/sequential designation |
48 |
| 500 ## - GENERAL NOTE |
| General note |
Incluye referencias bibliográficas y notas al pie de las páginas. |
| 504 ## - BIBLIOGRAPHY, ETC. NOTE |
| Bibliography, etc |
Bibliografía páginas 19-26 |
| 505 0# - FORMATTED CONTENTS NOTE |
| Formatted contents note |
Introducción / |
| Statement of responsibility |
Thomas Wayland Vaughan -- |
| Miscellaneous information |
Bibliografía / |
| Statement of responsibility |
Wendell Phillips Woodrings -- |
| Title |
Geografía / |
| Statement of responsibility |
Wythe Cooke -- |
| Title |
Geología estratigráfica y de estructura e historia geológica / |
| Statement of responsibility |
Wythe Cooke -- |
| Title |
Paleontología estratigráfica terciaria y cuaternaria / |
| Statement of responsibility |
Thomas Wayland Vaughan y Wendell Phillips Woodrings -- |
| Title |
Geología e hidrografía de las inmediaciones de Montecristi -- |
| Statement of responsibility |
Clyde P. Ross -- |
| Title |
Geología de las provincias de Barahona y Azua / |
| Statement of responsibility |
D. Dale Condit y Clyde P. Ross -- |
| Title |
Geología económica / |
| Statement of responsibility |
D. Dale Condit y Clyde P. Ross . |
| 533 ## - REPRODUCTION NOTE |
| Type of reproduction |
Facsímil : |
| Place of reproduction |
Washington : |
| Agency responsible for reproduction |
United States Geological Survey : |
| -- |
Secretaría de Estado de Fomento y Comunicaciones de la República Dominicana, |
| Date of reproduction |
1922. |
| 590 ## - LOCAL NOTE (RLIN) |
| Local note |
Inventariado, 2024/VM |
| 650 #4 - SUBJECT ADDED ENTRY--TOPICAL TERM |
| Topical term or geographic name as entry element |
Geología |
| Geographic subdivision |
República Dominicana |
| 650 #4 - SUBJECT ADDED ENTRY--TOPICAL TERM |
| Topical term or geographic name as entry element |
Paleontología |
| 650 #4 - SUBJECT ADDED ENTRY--TOPICAL TERM |
| Topical term or geographic name as entry element |
Minas |
| Geographic subdivision |
República Dominicana |
| 650 #4 - SUBJECT ADDED ENTRY--TOPICAL TERM |
| Topical term or geographic name as entry element |
Topografía |
| Geographic subdivision |
República Dominicana |
| 710 2# - ADDED ENTRY--CORPORATE NAME |
| Corporate name or jurisdiction name as entry element |
Sociedad Dominicana de Bibliófilos (República Dominicana) |
| 910 ## - USER-OPTION DATA (OCLC) |
| User-option data |
VMateo V. Control de calidad BPMSU |
| 942 ## - ADDED ENTRY ELEMENTS (KOHA) |
| Source of classification or shelving scheme |
Dewey Decimal Classification |
| Koha item type |
Libros |